00406nam a2200145Ia 450000500170000000800460001703700120006304000200007504100130009508400230010810000310013124500790016226000090024130000100025020250508151120.0008 250505s9999 xx 000 0 hin d aTextual aFEDLbengcFEDL ahin2eng a309.147, TOLqFEDL aBhatnagar Bakey Bihari Tr. 0aHum kare kya ? : Tolstoy ke what shall we don then? namak granth ka aunvad c1952 a368p.